World Capitals Quiz - Map Quiz (Names of countries displayed) - Statistics

General Stats
  • This quiz has been taken 40 times
  • The average score is 137 of 196
Answers on the Map
Answers color-coded by a green-red scale on the quiz's map according to % correct below.
 
Answer Stats
Answer % Correct
Rome
100%
Athens
92%
Beijing
92%
Guatemala City
92%
Hanoi
92%
Kabul
92%
Mexico City
92%
Minsk
92%
Moscow
92%
New Delhi
92%
Oslo
92%
Ottawa
92%
Paris
92%
Prague
92%
Pretoria / Cape Town / Bloemfontein
92%
Reykjavik
92%
Sofia
92%
Stockholm
92%
Tirana
92%
Tokyo
92%
Tunis
92%
Vatican City
92%
Vienna
92%
Warsaw
92%
Washington, D.C.
92%
Abu Dhabi
83%
Algiers
83%
Amsterdam
83%
Andorra la Vella
83%
Ankara
83%
Baghdad
83%
Bangkok
83%
Beirut
83%
Berlin
83%
Bern
83%
Bissau
83%
Bogotá
83%
Brasília
83%
Brussels
83%
Bucharest
83%
Buenos Aires
83%
Cairo
83%
Canberra
83%
Caracas
83%
Copenhagen
83%
Djibouti
83%
Dublin
83%
Havana
83%
Helsinki
83%
Jakarta
83%
Kuwait City
83%
Kyiv
83%
Lima
83%
Lisbon
83%
London
83%
Luxembourg City
83%
Madrid
83%
Manila
83%
Panama City
83%
Pyongyang
83%
Quito
83%
Rabat
83%
Riga
83%
Riyadh
83%
San Marino
83%
San Salvador
83%
Santiago
83%
São Tomé
83%
Seoul
83%
Singapore
83%
Sucre / La Paz
83%
Taipei
83%
Tehran
83%
Tripoli
83%
Valletta
83%
Wellington
83%
Accra
75%
Asunción
75%
Belgrade
75%
Bratislava
75%
Budapest
75%
Damascus
75%
Georgetown
75%
Islamabad
75%
Kathmandu
75%
Kuala Lumpur / Putrajaya
75%
Luanda
75%
Lusaka
75%
Monaco
75%
Nairobi
75%
Nicosia
75%
Phnom Penh
75%
Podgorica
75%
Pristina
75%
Sarajevo
75%
Skopje
75%
Sri Jayawardenepura Kotte / Colombo
75%
Tallinn
75%
Vilnius
75%
Zagreb
75%
Addis Ababa
67%
Amman
67%
Baku
67%
Bamako
67%
Dakar
67%
Doha
67%
Freetown
67%
Jerusalem
67%
Khartoum
67%
Kinshasa
67%
Malé
67%
Montevideo
67%
Muscat
67%
Nassau
67%
Niamey
67%
Paramaribo
67%
Port-au-Prince
67%
Port Louis
67%
Port Moresby
67%
Praia
67%
Sana’a
67%
San José
67%
Santo Domingo
67%
Tbilisi
67%
Victoria
67%
Windhoek
67%
Abuja
58%
Antananarivo
58%
Asmara
58%
Banjul
58%
Belmopan
58%
Brazzaville
58%
Conakry
58%
Dhaka
58%
Dodoma
58%
Harare
58%
Kigali
58%
Kingston
58%
Libreville
58%
Ljubljana
58%
Managua
58%
Maputo
58%
Mogadishu
58%
Moroni
58%
N'Djamena
58%
Nouakchott
58%
Ouagadougou
58%
Port of Spain
58%
Roseau
58%
Suva
58%
Tegucigalpa
58%
Ulaanbaatar
58%
Vaduz
58%
Yamoussoukro
58%
Yaoundé
58%
Yerevan
58%
Astana (Nur-Sultan)
50%
Bandar Seri Begawan
50%
Bridgetown
50%
Chișinău (Chisinau)
50%
Dili
50%
Gitega
50%
Juba
50%
Lilongwe
50%
Lomé
50%
Manama
50%
Maseru
50%
Mbabane / Lobamba
50%
Monrovia
50%
Naypyidaw
50%
Porto-Novo
50%
Port Vila
50%
Saint John’s
50%
South Tarawa
50%
Tashkent
50%
Thimphu
50%
Vientiane
50%
Apia
42%
Ashgabat
42%
Bangui
42%
Basseterre
42%
Bishkek
42%
Castries
42%
Dushanbe
42%
Funafuti
42%
Gaborone
42%
Honiara
42%
Kampala
42%
Kingstown
42%
Ngerulmud
42%
Nuku’alofa
42%
Palikir
42%
St. George’s
42%
Yaren
42%
Malabo
33%
Delap-Uliga-Darrit (Majuro)
25%
No matching quizzes found
Score Distribution
Percent of People with Each Score
Percentile by Number Answered
Your Score History
You have not taken this quiz